000
00348nam a2200157Ia 4500
008
230605s2005 xx 000 0 und d
041
_a
eng
100
_a
Kasu
245
_a
Interior design
260
_b
Ashish book mumbai
_c
2005
_c
2005
300
_a
701
365
_b
1596
_h
20
500
_a
163
520
_a
Reference Copy
650
_a
H.K.
999
_c
418175
_d
418175